| 000 | 00512nam a2200193 a 4500 | ||
|---|---|---|---|
| 001 | 8637 | ||
| 003 | CO-ViMGA | ||
| 008 | 141112s2004 ck r 000 u spa d | ||
| 020 | _a9682601517 | ||
| 040 |
_aCO-ViMGA _bspa _cCO-ViMGA |
||
| 082 | 0 | 4 | _a310.021 C62t12 |
| 100 | 1 |
_aCOCHRAN, WILLIAM _98596 |
|
| 245 | 1 | 0 |
_aTECNICAS DE MUESTREO / _cCOCHRAN WILLIAM |
| 260 |
_aMexico, _cCia. Ed. Continental, _c1996 |
||
| 300 | _a513 p. il, 23 cm | ||
| 650 | 1 | 4 | _aEstadistica |
| 650 | 1 | 4 |
_aMuestreo _98597 |
| 942 |
_2ddc _cBK |
||
| 999 |
_c20277 _d20277 |
||